000 00907cab a2200241 4500
001 ABS56505
008 090401t1997 xxu||||| |||| 00| 0 eng d
035 _a(Sirsi) u24138
041 _aeng
245 _aBoyle v Verrall
260 _c1997
350 _a0
490 _aEstates Gazette
_v[1997] 04 EG 145-148(4)
520 _aCA 26 July 1996. Prior to the granting of an assured shorthold tenancy landlord B gave tenant V oral notice that they intended to serve notice for possession at a future date, but never did so. B appealed against an earlier decision refusing her claim for possession. Appeal allowed.
650 _aASSURED SHORTHOLD TENANCIES
650 _aBOYLE V VERRALL
650 _aHOUSING ACT 1988 SCH 2
650 _aPOSSESSION ORDER
650 _aTERMINATION OF TENANCY
690 _aLANDLORD AND TENANT-CASE LAW-RESIDENTIAL TENANCIES
942 _n0
948 _c04/03/1997
999 _c16168
_d16168